[Event "IHEM 2002"]
[Site "Hamburg"]
[Date "2002.05.20"]
[Round "3.9"]
[White "Wendt, Jan-Dietrich"]
[Black "Pajeken, Wolfgang"]
[Result "1/2-1/2"]
[WhiteElo "2285"]
[BlackElo "2350"]
[PlyCount "55"]
[EventDate "2002.??.??"]

1. Nf3 Nf6 2. g3 b6 3. Bg2 Bb7 4. O-O c5 5. d3 e6 6. e4 d6 7. Nbd2 Be7 8. Qe2
O-O 9. c3 Qc7 10. Re1 Nc6 11. a3 Rac8 12. b4 Ne5 13. Bb2 Nxf3+ 14. Bxf3 Nd7 15.
Bg2 Bf6 {(=)} 16. Rac1 d5 17. f4 dxe4 18. Nxe4 Be7 19. c4 Bxe4 20. Bxe4 Bf6 21.
Red1 Qd6 22. d4 Bxd4+ 23. Bxd4 cxd4 24. Qd3 Nf6 25. Qxd4 Qxd4+ 26. Rxd4 Nxe4
27. Rxe4 Rfd8 28. Kf2 {(=)} 1/2-1/2

[Event "IHEM 2002"]
[Site "Hamburg"]
[Date "2002.05.20"]
[Round "3.10"]
[White "Engelbert, Christoph"]
[Black "Gullaksen, Eirik"]
[Result "1/2-1/2"]
[WhiteElo "2269"]
[BlackElo "2326"]
[PlyCount "86"]
[EventDate "2002.??.??"]

1. e4 c5 2. c3 d6 3. d4 Nf6 4. dxc5 Nc6 5. cxd6 Nxe4 6. Be3 Nxd6 7. Nf3 g6 8.
Na3 Qa5 9. Qb3 Bg7 10. Nb5 Nf5 11. Bd2 O-O 12. Be2 Be6 13. Qc2 Rac8 14. O-O a6
15. Na3 b5 16. Rad1 Qb6 17. Qb1 Rfd8 18. Nc2 h6 19. Ne3 Nd6 20. h3 Rd7 21. Ng4
Kh7 22. Bf4 Nf5 23. Rxd7 Bxd7 24. Re1 Be6 25. Nge5 Nxe5 26. Nxe5 Rd8 27. Bd3
Bf6 28. Be4 Qc5 29. Ng4 Bg7 30. Ne3 Nxe3 31. Bxe3 Qc4 32. a3 Bd5 33. Bxd5 Qxd5
34. Qc2 Rd7 35. Re2 Qd1+ 36. Qxd1 Rxd1+ 37. Kh2 Be5+ 38. g3 Bd6 39. Kg2 Kg7 40.
Rc2 Be5 41. Rd2 Rxd2 42. Bxd2 h5 {(=)} 43. Kf3 Kf6 1/2-1/2

[Event "IHEM 2002"]
[Site "Hamburg"]
[Date "2002.05.20"]
[Round "3.11"]
[White "Langrock, Hannes"]
[Black "Meier, David-Geffrey"]
[Result "1/2-1/2"]
[WhiteElo "2313"]
[BlackElo "2108"]
[PlyCount "80"]
[EventDate "2002.??.??"]

1. e4 e6 2. d4 d5 3. Nc3 Bb4 4. Nge2 dxe4 5. a3 Be7 6. Nxe4 Nd7 7. N2g3 Ngf6 8.
Bc4 Nxe4 9. Nxe4 Nf6 10. Qd3 Bd7 11. O-O Nxe4 12. Qxe4 Bc6 13. Qg4 Bf6 14. c3
O-O 15. Bf4 Be4 {(=)} 16. Bxe6 Bxg2 17. Kxg2 fxe6 18. Qxe6+ Kh8 19. Bg3 c6 20.
Rae1 h6 21. Re2 Qa5 22. Rfe1 Rad8 23. Kg1 Qb5 24. Qg4 Qc4 25. Qe6 Qb5 26. Qg4
Qc4 27. Re6 Qd5 28. Qe4 Qh5 29. Kg2 Qb5 30. Re2 Qh5 31. Re3 Qb5 32. Bd6 Rg8 33.
Be5 Qxb2 34. Rg3 Bxe5 35. Qxe5 Qd2 36. Rgg6 Kh7 37. Qf5 Kh8 38. Qe5 Kh7 39. Qc7
Kh8 40. Qe5 Kh7 1/2-1/2

[Event "IHEM 2002"]
[Site "Hamburg"]
[Date "2002.05.20"]
[Round "3.12"]
[White "Schulz, Hans-Juergen"]
[Black "Trisic, Alexandar"]
[Result "0-1"]
[WhiteElo "2104"]
[BlackElo "2306"]
[PlyCount "96"]
[EventDate "2002.??.??"]

1. e4 c5 2. b4 cxb4 3. Bb2 d5 4. exd5 Qxd5 5. d4 Nf6 6. c4 Qa5 7. Nd2 e6 8.
Ngf3 Be7 9. Bd3 O-O 10. O-O Qc7 11. Qe2 Nbd7 12. Rfe1 Re8 13. Ne5 Nf8 14. Qf3
Ng6 15. Rac1 Bd6 16. Re2 Bd7 17. Ne4 Bxe5 18. dxe5 Nxe4 19. Qxe4 Bc6 20. Qg4
Qe7 21. g3 Red8 22. Bc2 Rd7 23. h4 Rad8 24. h5 Nf8 25. Rce1 a5 26. Be4 h6 27.
Qf3 {(=)} 27... Qc5 28. Bxc6 Qxc6 29. Qg4 Rd3 30. Re4 Qd7 31. Bc1 Kh7 32. R4e2
Qd4 33. Re4 Qd7 34. R4e2 Rd4 35. Re4 Rd1 36. Kh2 Qd3 37. Rxd1 Qxd1 38. Qh4 Rd7
39. Be3 Qf1 40. Bd4 Qxc4 41. Be3 Qxa2 42. Rg4 Qe2 43. Rf4 b3 44. Rg4 b2 45.
Rxg7+ Kxg7 46. Qf6+ Kg8 47. Qxh6 Qg4 48. Bc5 Qg7 0-1

[Event "IHEM 2002"]
[Site "Hamburg"]
[Date "2002.05.20"]
[Round "3.13"]
[White "Breyther, Ruediger"]
[Black "Jacoby, Gisbert"]
[Result "0-1"]
[WhiteElo "2372"]
[BlackElo "2275"]
[PlyCount "56"]
[EventDate "2002.??.??"]

1. e4 e5 2. Nf3 Nc6 3. Bb5 a6 4. Ba4 Nf6 5. O-O Be7 6. Re1 b5 7. Bb3 d6 8. c3
O-O 9. d3 Na5 10. Bc2 c5 11. Nbd2 Re8 12. Nf1 Bf8 13. Ng3 Bb7 14. a3 Nc6 15.
Bb3 h6 16. Bd2 d5 17. exd5 Nxd5 18. c4 Nb6 19. Bc3 bxc4 20. Bxc4 Nxc4 21. dxc4
Qc7 22. Qa4 Re6 23. b4 Nd4 24. Bxd4 cxd4 25. c5 Rd8 26. Rad1 g6 27. h4 d3 28.
h5 e4 0-1

[Event "IHEM 2002"]
[Site "Hamburg"]
[Date "2002.05.20"]
[Round "3.14"]
[White "Stephan, Axel"]
[Black "Gaede, Derek"]
[Result "1-0"]
[WhiteElo "2311"]
[BlackElo "2181"]
[PlyCount "47"]
[EventDate "2002.??.??"]

1. d4 Nf6 2. Nf3 g6 3. Bf4 Bg7 4. e3 d6 5. h3 O-O 6. c4 c5 7. Nc3 Qb6 8. Qd2
Bf5 9. Rd1 cxd4 10. exd4 Nc6 11. d5 Nb4 12. Rc1 Nxa2 13. Be3 Qb3 14. Nd4 Nxc1
15. Nxb3 Nxb3 16. Qd1 Nc5 17. b4 Nfe4 18. Nb5 a6 19. Nd4 Nd7 20. g4 Nc3 21. Qb3
Be4 22. f3 Bxd4 23. Bxd4 Bxf3 24. Rh2 1-0

[Event "IHEM 2002"]
[Site "Hamburg"]
[Date "2002.05.20"]
[Round "3.15"]
[White "Chevelevitch, Evgueni"]
[Black "Schüler, Hendrik"]
[Result "1-0"]
[WhiteElo "2278"]
[BlackElo "2197"]
[PlyCount "61"]
[EventDate "2002.??.??"]

1. e4 e6 2. d4 d5 3. Nd2 Nf6 4. e5 Nfd7 5. Bd3 c5 6. c3 Nc6 7. Ne2 cxd4 8. cxd4
f6 9. exf6 Nxf6 10. Nf3 Bd6 11. O-O O-O 12. Bg5 Qb6 13. Nc3 Kh8 14. Na4 Qc7 15.
Rc1 Qf7 16. h3 Nh5 17. Be3 g6 18. Bb5 Ne7 19. Ne5 Qf6 20. Nc5 Nf4 21. Ncd3 Nxd3
22. Bxd3 Nf5 23. Qd2 Nxd4 24. Ng4 Nf3+ 25. gxf3 Qxf3 26. Bd4+ e5 27. Nxe5 Bxe5
28. Bxe5+ Kg8 29. Rc7 Rf5 30. Bxf5 Bxf5 31. Rg7+ 1-0

[Event "IHEM 2002"]
[Site "Hamburg"]
[Date "2002.05.20"]
[Round "3.16"]
[White "Gollasch, Theo-Heinz"]
[Black "Bach, Matthias"]
[Result "1/2-1/2"]
[WhiteElo "2126"]
[BlackElo "2300"]
[PlyCount "109"]
[EventDate "2002.??.??"]

1. d4 d5 2. c4 e6 3. Nf3 c5 4. cxd5 exd5 5. g3 Nc6 6. Bg2 Nf6 7. O-O Be7 8.
dxc5 Bxc5 9. Nbd2 O-O 10. Nb3 Bb6 11. Nbd4 Ne4 12. Be3 Qf6 13. Qd3 Bg4 14. Nxc6
bxc6 15. Bd4 Qh6 16. Rfc1 c5 17. Be3 Qh5 18. b3 Rfe8 19. a4 Rad8 20. a5 c4 21.
bxc4 dxc4 22. Qxc4 Bxe3 23. fxe3 Qh6 24. Qb3 Nd2 25. Nxd2 Rxd2 26. Rf1 Be6 27.
Qc3 Rxe2 28. Rfe1 Rxe1+ 29. Rxe1 Qg5 30. Qc7 Qe7 31. Qxe7 Rxe7 32. Rb1 g6 33.
Rb8+ Kg7 34. Bf1 Bd5 35. Kf2 Kf6 36. Rb4 Be4 37. Rd4 Ke5 38. a6 Rc7 39. Rd2 f5
40. Be2 g5 41. Rb2 g4 42. Bf1 h5 43. h4 Rc5 44. Rb5 Kd6 45. Rb2 Rc3 46. Be2 Ra3
47. Bf1 Ra1 48. Rd2+ Kc7 49. Rb2 Rd1 50. Ke2 Bf3+ 51. Kf2 Be4 52. Ke2 Rd6 53.
Kf2 Rb6 54. Ra2 Rb1 55. Rd2 1/2-1/2

[Event "IHEM 2002"]
[Site "Hamburg"]
[Date "2002.05.20"]
[Round "3.17"]
[White "Maahs, Erich"]
[Black "Putzbach, Gerd"]
[Result "0-1"]
[WhiteElo "2194"]
[BlackElo "2242"]
[PlyCount "110"]
[EventDate "2002.??.??"]

1. e4 c5 2. b3 a6 3. g3 b6 4. Bg2 Bb7 5. Ne2 e6 6. Nbc3 Nf6 7. O-O d6 8. Bb2
Nbd7 9. Nf4 Qc7 10. Qe2 Be7 11. d3 h5 12. Nd1 O-O-O 13. Ne3 g5 14. Nh3 Rdg8 15.
f4 gxf4 16. gxf4 d5 17. Kh1 d4 18. Nc4 b5 19. Ne5 Nxe5 20. fxe5 Qxe5 21. Bf3
Ng4 22. Bc1 Qg7 23. Bf4 e5 24. Bd2 Kb8 25. Rg1 Bc8 26. Rg2 Qh7 27. Rag1 Rg6 28.
Nf2 Nxf2+ 29. Qxf2 Rhg8 30. Rxg6 Rxg6 31. Rxg6 Qxg6 32. Qg3 Qxg3 33. hxg3 Bg4
34. Kg2 Kc7 35. Kf2 Kd7 36. c3 dxc3 37. Bxc3 Ke6 38. Bd2 Kd6 39. Be3 Kc6 40.
Be2 Bd8 41. Bd2 Bb6 42. Ke1 Kd6 43. Bf1 a5 44. Be2 a4 45. Bd1 Bxd1 46. Kxd1
axb3 47. axb3 c4 48. bxc4 bxc4 49. Be1 cxd3 50. Bb4+ Bc5 51. Ba5 Be3 52. Bd2
Bxd2 53. Kxd2 f5 54. Kxd3 fxe4+ 55. Kxe4 Ke6 0-1

[Event "IHEM 2002"]
[Site "Hamburg"]
[Date "2002.05.20"]
[Round "3.18"]
[White "Lahlum, Hans Olav"]
[Black "Frackowiak, Oliver"]
[Result "1-0"]
[WhiteElo "2218"]
[BlackElo "2069"]
[PlyCount "109"]
[EventDate "2002.??.??"]

1. d4 Nf6 2. c4 g6 3. Nc3 Bg7 4. e4 d6 5. f3 e5 6. d5 Nh5 7. Be3 f5 8. Qd2 f4
9. Bf2 Bf6 10. Nge2 Bh4 11. g3 Bg5 12. g4 Bh4 13. gxh5 Bxf2+ 14. Kxf2 Qh4+ 15.
Kg1 gxh5 16. Bg2 Rg8 17. h3 Bxh3 18. Rh2 Rxg2+ 19. Rxg2 Bxg2 20. Kxg2 Nd7 21.
Rh1 Qf6 22. Qe1 O-O-O 23. Qh4 Rg8+ 24. Kf1 Rg5 25. Qh3 Qg6 26. Rg1 h6 27. b4
Kd8 28. Na4 b6 29. Nac3 a6 30. Nd1 Nf6 31. Nf2 Nh7 32. Qh4 Kc8 33. Rh1 Nf6 34.
Nh3 Rg2 35. Nhxf4 exf4 36. Nxf4 Qg3 37. Nxg2 Qxf3+ 38. Qf2 Qd1+ 39. Ne1 Ng4 40.
Qe2 Qd4 41. Nc2 Qf6+ 42. Ke1 Qf4 43. Rxh5 Qc1+ 44. Qd1 Qf4 45. Qd3 Qc1+ 46. Ke2
Ne5 47. Rxe5 dxe5 48. c5 b5 49. Ne3 Qh1 50. d6 Qh2+ 51. Ke1 Qg3+ 52. Kd2 cxd6
53. Qxd6 Qf2+ 54. Kd3 Qxa2 55. c6 1-0

[Event "IHEM 2002"]
[Site "Hamburg"]
[Date "2002.05.21"]
[Round "4.2"]
[White "Hansen, Sune Berg"]
[Black "Farago, Ivan"]
[Result "1-0"]
[WhiteElo "2536"]
[BlackElo "2506"]
[PlyCount "85"]
[EventDate "2002.??.??"]

1. e4 e6 2. d4 d5 3. Nd2 c5 4. Ngf3 cxd4 5. exd5 Qxd5 6. Bc4 Qd6 7. Bb3 Nc6 8.
Ne4 Qc7 9. O-O Be7 10. Nxd4 Nxd4 11. Qxd4 Nf6 12. Ba4+ Bd7 13. Bf4 Qc8 14. Nd6+
Bxd6 15. Bxd6 Bxa4 16. Qxa4+ Qc6 17. Qa3 Ne4 18. Bf4 Qc5 19. Qa4+ Qc6 20. Qxc6+
bxc6 21. Rfd1 Nf6 22. Rd6 Rc8 23. Rad1 O-O 24. c4 Rfe8 25. Be5 Kf8 26. R6d3 Ra8
27. Kf1 Rec8 28. Ke2 a5 29. f3 Ra7 30. g4 Ne8 31. Rd7 Rca8 32. Rxa7 Rxa7 33.
Bd4 Ra8 34. Bc5+ Kg8 35. Rd7 f6 36. Kd3 e5 37. Kc3 Rc8 38. Bb6 Ra8 39. a4 Kf8
40. h4 Ra6 41. Bc5+ Kg8 42. Ra7 Rxa7 43. Bxa7 1-0

[Event "IHEM 2002"]
[Site "Hamburg"]
[Date "2002.05.21"]
[Round "4.3"]
[White "Votava, Jan"]
[Black "Müller, Karsten"]
[Result "1/2-1/2"]
[WhiteElo "2508"]
[BlackElo "2530"]
[PlyCount "39"]
[EventDate "2002.??.??"]

1. e4 d5 2. exd5 Qxd5 3. Nc3 Qa5 4. d4 Nf6 5. Nf3 c6 6. Bc4 Bf5 7. Bd2 e6 8.
Ne4 Qc7 9. Nxf6+ gxf6 10. Nh4 Bg6 11. c3 Nd7 12. Qe2 O-O-O 13. O-O-O Nb6 14.
Bb3 c5 15. dxc5 Bxc5 16. Nxg6 hxg6 17. Qf3 f5 18. h3 Qc6 19. Qxc6+ bxc6 20. f3
{(=)} 1/2-1/2

[Event "IHEM 2002"]
[Site "Hamburg"]
[Date "2002.05.21"]
[Round "4.4"]
[White "Lanka, Zigurds"]
[Black "Wahls, Matthias"]
[Result "1-0"]
[WhiteElo "2503"]
[BlackElo "2561"]
[PlyCount "61"]
[EventDate "2002.??.??"]

1. e4 c5 2. Nf3 e6 3. d4 cxd4 4. Nxd4 a6 5. Nc3 Qc7 6. Bd3 Nf6 7. f4 Bb4 8. O-O
Bc5 9. Nce2 Nc6 10. c3 d6 11. Kh1 Bd7 12. Qe1 h5 13. b4 Ba7 {(=)} 14. Be3 h4
15. h3 d5 16. e5 Ne4 17. Rc1 Nxd4 18. cxd4 Qd8 19. Bxe4 dxe4 20. Nc3 Bc6 21. f5
Qe7 22. fxe6 fxe6 23. Qe2 Qxb4 24. d5 Bxe3 25. Qxe3 exd5 26. Qg5 Qe7 27. Qg6+
Kd8 28. Nxd5 Bxd5 29. Rfd1 Qxe5 30. Qf7 Rh5 31. Rc5 1-0

[Event "IHEM 2002"]
[Site "Hamburg"]
[Date "2002.05.21"]
[Round "4.6"]
[White "Rausis, Igor"]
[Black "Handke, Florian"]
[Result "1/2-1/2"]
[WhiteElo "2478"]
[BlackElo "2440"]
[PlyCount "84"]
[EventDate "2002.??.??"]

1. d4 Nf6 2. c4 e6 3. Nc3 Bb4 4. e3 b6 5. Bd3 Bb7 6. Nf3 Ne4 7. O-O f5 8. Ne5
O-O 9. Nxe4 fxe4 10. Be2 Bd6 11. f4 exf3 12. Bxf3 Bxf3 13. Nxf3 Nc6 14. e4 e5
15. dxe5 Bc5+ 16. Kh1 Bd4 17. Re1 Rxf3 18. gxf3 Qh4 19. Be3 Bxb2 20. Qxd7 Bxe5
21. f4 Bxa1 22. Rxa1 Rd8 23. Qxc6 Qh3 24. Bf2 Qf3+ 25. Kg1 Qg4+ 26. Bg3 h5 27.
f5 h4 28. Qxc7 Rd4 29. Re1 hxg3 30. Qb8+ Kh7 31. Qxg3 Rxe4 32. Rxe4 Qxe4 33.
Qg6+ Kh8 34. Qe6 Qg4+ 35. Kf2 Qf4+ 36. Ke1 Qxh2 37. a4 Kh7 38. Qd5 Qc2 39. Qh1+
Kg8 40. Qa8+ Kh7 41. Qh1+ Kg8 42. Qd5+ Kh7 1/2-1/2

[Event "IHEM 2002"]
[Site "Hamburg"]
[Date "2002.05.21"]
[Round "4.7"]
[White "Trisic, Alexandar"]
[Black "Reddmann, Hauke"]
[Result "1/2-1/2"]
[WhiteElo "2306"]
[BlackElo "2349"]
[PlyCount "96"]
[EventDate "2002.??.??"]

1. d4 Nf6 2. c4 e6 3. Nc3 Bb4 4. e3 Bxc3+ 5. bxc3 d6 6. Bd3 Nbd7 7. Ne2 O-O 8.
Ng3 Re8 9. O-O e5 10. Qc2 Nf8 11. Bd2 Ng6 12. Rae1 Qe7 13. f3 Bd7 14. Nf5 Qf8
15. Bc1 b6 16. g4 Kh8 17. Ng3 Qe7 18. Nf5 Qf8 19. h3 Ng8 20. Qf2 N6e7 21. e4
Ng6 22. Qg3 f6 23. h4 Qf7 24. h5 Nf8 25. Kg2 h6 26. Nh4 Ne7 27. f4 exf4 28.
Bxf4 Nh7 29. e5 dxe5 30. Bxe5 Ng5 31. Bxc7 b5 32. Bd6 bxc4 33. Bc2 Nc6 34. Ng6+
Kg8 35. Nf4 Rxe1 36. Rxe1 Be8 37. d5 Ne5 38. Bxe5 fxe5 39. Rxe5 Bd7 40. Bg6 Qf6
41. Qe3 Bxg4 42. Re8+ Rxe8 43. Qxe8+ Qf8 44. d6 Qxe8 45. Bxe8 Kf8 46. Bb5 Bf5
47. Bxc4 Ne4 48. Be6 Nxd6 1/2-1/2

[Event "IHEM 2002"]
[Site "Hamburg"]
[Date "2002.05.21"]
[Round "4.8"]
[White "Murdzia, Piotr"]
[Black "Voigt, Martin"]
[Result "1-0"]
[WhiteElo "2418"]
[BlackElo "2298"]
[PlyCount "89"]
[EventDate "2002.??.??"]

1. d4 Nf6 2. c4 c5 3. d5 e6 4. Nc3 exd5 5. cxd5 d6 6. e4 g6 7. h3 Bg7 8. Nf3
O-O 9. Bd3 Nh5 10. O-O a6 11. a4 Nd7 12. Bg5 Bf6 13. Be3 Re8 14. Qd2 Ne5 15.
Be2 Nxf3+ 16. Bxf3 Ng7 17. Rab1 Bd7 18. Be2 b6 19. Bd3 Bxc3 20. bxc3 Bxa4 21.
Bh6 b5 22. Rbe1 f6 23. f4 c4 24. Bb1 Qd7 25. Kh2 a5 26. g4 Bb3 27. g5 f5 28.
Bxg7 Kxg7 29. exf5 gxf5 30. Re6 Rxe6 31. dxe6 Qxe6 32. Re1 Qf7 33. Qxd6 Re8 34.
Re5 Rxe5 35. Qxe5+ Kg6 36. h4 h5 37. gxh6 Kxh6 38. Bxf5 Qg7 39. Qe6+ Kh5 40.
Qe2+ Kh6 41. Qe6+ Kh5 42. Be4 Bd1 43. Bc6 Qxc3 44. Be8+ Kxh4 45. Qh6+ 1-0

[Event "IHEM 2002"]
[Site "Hamburg"]
[Date "2002.05.21"]
[Round "4.9"]
[White "Pajeken, Wolfgang"]
[Black "Chevelevitch, Evgueni"]
[Result "1/2-1/2"]
[WhiteElo "2350"]
[BlackElo "2278"]
[PlyCount "67"]
[EventDate "2002.??.??"]

1. d4 Nf6 2. c4 g6 3. Nc3 Bg7 4. e4 d6 5. f4 c5 6. d5 O-O 7. Bd3 e6 8. dxe6
fxe6 9. Nf3 Nc6 10. O-O Nd4 11. Ng5 e5 12. f5 h6 13. Nh3 gxf5 14. exf5 e4 15.
Nxe4 Bxf5 16. Nxf6+ Qxf6 17. Bxf5 Nxf5 18. Nf4 Qd4+ 19. Kh1 Qxd1 20. Rxd1 Rae8
21. Rb1 Re4 22. b3 Ne3 23. Bxe3 Rxe3 24. g3 Be5 25. Re1 Bxf4 26. gxf4 Rxe1+ 27.
Rxe1 Rxf4 28. Re6 Rd4 29. Rxh6 Rd2 30. Rg6+ Kf7 31. Rg2 Rd1+ 32. Rg1 Rd2 33.
Rg2 Rd1+ 34. Rg1 1/2-1/2

[Event "IHEM 2002"]
[Site "Hamburg"]
[Date "2002.05.21"]
[Round "4.10"]
[White "Gullaksen, Eirik"]
[Black "Wendt, Jan-Dietrich"]
[Result "1/2-1/2"]
[WhiteElo "2326"]
[BlackElo "2285"]
[PlyCount "76"]
[EventDate "2002.??.??"]

1. e4 c5 2. Nf3 e6 3. d3 b6 4. g3 Bb7 5. Bg2 Nf6 6. O-O Be7 7. e5 Nd5 8. Nbd2
O-O 9. c4 Nc7 10. Ne4 Ne8 11. Qe2 Nc6 12. Rd1 d5 13. Nc3 d4 14. Ne4 f5 15. exf6
gxf6 16. Bh3 Nc7 17. Bh6 Rf7 18. Ned2 Qd7 19. Re1 Nd8 20. Nh4 Bf8 21. Qg4+ Kh8
22. Qh5 Bxh6 23. Qxh6 Nc6 24. Ne4 Qd8 25. Bg4 Ne5 26. Bh5 Qf8 27. Qd2 Rg7 28.
f4 Ng4 29. Qe2 Ne3 30. Bf3 Re8 31. Ng2 Nxg2 32. Bxg2 Ba8 33. Rf1 Nd5 34. Qh5
Ne3 35. Nxf6 Qxf6 36. Qxe8+ Rg8 37. Qxa8 Rxa8 38. Bxa8 Nxf1 {(=)} 1/2-1/2

[Event "IHEM 2002"]
[Site "Hamburg"]
[Date "2002.05.21"]
[Round "4.11"]
[White "Jacoby, Gisbert"]
[Black "Langrock, Hannes"]
[Result "1/2-1/2"]
[WhiteElo "2275"]
[BlackElo "2313"]
[PlyCount "41"]
[EventDate "2002.??.??"]

1. c4 f5 2. g3 Nf6 3. Bg2 g6 4. d4 Bg7 5. Nc3 O-O 6. Nh3 d6 7. d5 Nbd7 8. Nf4
Ne5 9. h4 Nxc4 10. h5 Ne5 11. hxg6 hxg6 12. e4 Qe8 13. Qb3 Bd7 14. exf5 gxf5
15. Be3 a5 16. O-O-O a4 17. Qc2 c5 18. Ne6 Bxe6 19. dxe6 Qg6 20. Ne2 Nfg4 21.
Nf4 {(=)} 1/2-1/2

[Event "IHEM 2002"]
[Site "Hamburg"]
[Date "2002.05.21"]
[Round "4.14"]
[White "Putzbach, Gerd"]
[Black "Gollasch, Theo-Heinz"]
[Result "1-0"]
[WhiteElo "2242"]
[BlackElo "2126"]
[PlyCount "127"]
[EventDate "2002.??.??"]

1. e4 c5 2. Nf3 Nc6 3. d4 cxd4 4. Nxd4 g6 5. Nc3 Bg7 6. Be3 Nf6 7. Be2 O-O 8.
Nb3 d6 9. O-O a6 10. f4 b5 11. Bf3 Qc7 12. a3 Be6 13. Nd5 Bxd5 14. exd5 Na5 15.
Nxa5 Qxa5 16. c3 Rac8 17. Qe2 Rc4 18. Bd4 Re8 19. Rae1 Nd7 20. Bxg7 Kxg7 21. g3
Qb6+ 22. Kh1 Nf6 23. Qd3 Qc7 24. Re3 Qb7 25. Rd1 Qd7 26. Qe2 Rc5 27. Rd4 Qb7
28. g4 Rc4 29. g5 Ng8 30. Rxc4 bxc4 31. Qd2 Qb6 32. Be2 Qb5 33. Qd4+ f6 34. b4
Qa4 35. Bxc4 Qxa3 36. Re2 h6 37. h4 Kf8 38. Kg2 hxg5 39. hxg5 Qc1 40. Qe3 Qa1
41. Ra2 Qd1 42. Qe2 Qc1 43. Qd2 Qb1 44. Bd3 Qb3 45. Bxa6 Ra8 46. Rb2 Qa4 47.
Bb7 Rd8 48. Bc6 Qa1 49. b5 fxg5 50. fxg5 Kf7 51. b6 Nf6 52. gxf6 Rh8 53. Bd7
Qh1+ 54. Kg3 Qg1+ 55. Kf3 exf6 56. Be6+ Kg7 57. b7 Qf1+ 58. Ke3 Rh4 59. Qf2 Qc4
60. Kd2 Rf4 61. Qa7 Rf3 62. b8=Q+ Kh6 63. Qh8+ Kg5 64. Qg1+ 1-0

[Event "IHEM 2002"]
[Site "Hamburg"]
[Date "2002.05.21"]
[Round "4.15"]
[White "Schulz, Hans-Juergen"]
[Black "Lahlum, Hans Olav"]
[Result "0-1"]
[WhiteElo "2104"]
[BlackElo "2218"]
[PlyCount "86"]
[EventDate "2002.??.??"]

1. d4 d5 2. Nc3 e6 3. e4 Bb4 4. e5 c5 5. Bd2 Ne7 6. dxc5 Nbc6 7. Nf3 Ng6 8. Bb5
O-O 9. Qe2 Qc7 10. Bxc6 bxc6 11. O-O Bxc5 12. h4 f6 13. exf6 Rxf6 14. Bg5 Nf4
15. Qe5 Bd6 16. Qe3 Rf8 17. Ne2 {(=)} 17... Nxe2+ 18. Qxe2 e5 19. Nh2 e4 20. g3
Bh3 21. c4 Bc5 22. Kh1 Bxf1 23. Rxf1 Qf7 24. b3 Rae8 25. Bf4 d4 26. Ng4 Qf5 27.
Nh2 d3 28. Qd1 h6 29. Ng4 Kh7 30. Nh2 Re6 31. Qd2 Bd6 32. Be3 Qh3 33. Rg1 Rf5
34. Rg2 Rg6 35. Kg1 Rh5 36. Nf1 Rxh4 37. Rh2 Qg4 38. c5 Be7 39. Rg2 Rh5 40. Bd4
Qe2 41. Qc3 Rh1+ 42. Kxh1 Qxf1+ 43. Kh2 Rg5 0-1

[Event "IHEM 2002"]
[Site "Hamburg"]
[Date "2002.05.21"]
[Round "4.17"]
[White "Bach, Matthias"]
[Black "Gaede, Derek"]
[Result "1-0"]
[WhiteElo "2300"]
[BlackElo "2181"]
[PlyCount "117"]
[EventDate "2002.??.??"]

1. d4 Nf6 2. c4 g6 3. Nc3 Bg7 4. e4 d6 5. f4 O-O 6. Nf3 c5 7. d5 e6 8. Be2 exd5
9. cxd5 Bg4 10. O-O Nbd7 11. Re1 Re8 12. h3 Bxf3 13. Bxf3 Qa5 14. Be3 b5 15.
Qc2 b4 16. Ne2 Nxd5 17. Bf2 N5b6 18. e5 d5 19. a3 c4 20. axb4 Qxb4 21. Nc3 Rad8
22. Red1 Nc5 23. Rxd5 Nxd5 24. Nxd5 Qb3 25. Qxb3 Nxb3 26. Rxa7 Nd2 27. Ne7+
Rxe7 28. Rxe7 Nxf3+ 29. gxf3 h5 30. Rc7 Rd2 31. Rc8+ Kh7 32. Rxc4 Rxb2 33. Rc7
Kg8 34. Bd4 Rd2 35. Bc3 Rc2 36. Kf1 Kh7 37. Ke1 Kg8 38. Kd1 Ra2 39. e6 Bxc3 40.
Rc8+ Kg7 41. e7 Rd2+ 42. Kc1 Re2 43. e8=Q Rxe8 44. Rxe8 Kf6 45. Kc2 Ba1 46. Ra8
Bd4 47. Kd3 Bc5 48. Ke4 Be7 49. Ra7 Bd8 50. Kd5 Be7 51. Ke4 Bd8 52. Ra6+ Kg7
53. f5 gxf5+ 54. Kxf5 Bh4 55. Ra2 Bd8 56. Rg2+ Kf8 57. Rg5 h4 58. Kg4 f6 59.
Rf5 1-0

[Event "IHEM 2002"]
[Site "Hamburg"]
[Date "2002.05.21"]
[Round "4.18"]
[White "Frackowiak, Oliver"]
[Black "Maahs, Erich"]
[Result "0-1"]
[WhiteElo "2069"]
[BlackElo "2194"]
[PlyCount "80"]
[EventDate "2002.??.??"]

1. d4 Nf6 2. Nc3 d5 3. Bg5 Nbd7 4. Nf3 h6 5. Bh4 c6 6. e3 Qb6 7. Rb1 e6 8. Bd3
Bd6 9. Bg3 Qc7 10. Bxd6 Qxd6 11. e4 dxe4 12. Nxe4 Nxe4 13. Bxe4 O-O 14. O-O b6
15. c3 a5 16. Re1 Bb7 17. Ne5 Nf6 18. Bc2 Rfd8 19. Ng4 Nxg4 20. Qxg4 c5 21.
Rbd1 Qf8 22. dxc5 Qxc5 23. Qh4 Qg5 24. Qxg5 hxg5 25. Rxd8+ Rxd8 26. Rd1 Rxd1+
27. Bxd1 f5 28. f3 Kf7 29. Kf2 Kf6 30. Ke3 Ke5 31. b4 Ba6 32. bxa5 bxa5 33. Bb3
f4+ 34. Kd2 Bb7 35. Bd1 g4 36. Be2 g5 37. h3 g3 38. Bd3 Bxf3 39. Bf1 Be4 40.
Ke2 Bd5 0-1

[Event "IHEM 2002"]
[Site "Hamburg"]
[Date "2002.05.22"]
[Round "5.1"]
[White "Hector, Jonny"]
[Black "Hansen, Sune Berg"]
[Result "1-0"]
[WhiteElo "2513"]
[BlackElo "2536"]
[PlyCount "123"]
[EventDate "2002.??.??"]

1. e4 c5 2. Nf3 d6 3. d4 Nf6 4. Nc3 cxd4 5. Nxd4 g6 6. Bc4 Bg7 7. O-O O-O 8.
Re1 Nc6 9. Bb3 Bg4 10. Qd3 Ne5 11. Qf1 Bd7 12. h3 Rc8 13. f4 Nc6 14. Nf3 Be6
15. Be3 Bxb3 16. axb3 a6 17. Qf2 e6 18. Rad1 Qc7 19. Bb6 Qb8 20. e5 Ne8 21. Ne4
dxe5 22. Nc5 e4 23. Ng5 Nf6 24. Ngxe4 Nxe4 25. Rxe4 Rfe8 26. Nd7 Qa8 27. Qh4 a5
28. Nf6+ Bxf6 29. Qxf6 Qa6 30. Be3 Qb5 31. Rd7 Qf5 32. Rxf7 Qxf6 33. Rxf6 e5
34. fxe5 Nxe5 35. Rb6 Nc6 36. Rxe8+ Rxe8 37. Bg5 Re1+ 38. Kh2 Re2 39. Rxb7 Nd4
40. Bh6 Nf5 41. Bg5 Rxc2 42. Bf6 h5 43. h4 Kf8 44. Ra7 Ne3 45. Kg3 Nf1+ 46. Kf3
Nh2+ 47. Ke4 Rxg2 48. Rxa5 Rg4+ 49. Kd5 Rb4 50. Be5 Rxb3 51. Ra8+ Kf7 52. Ra7+
Kf8 53. Bxh2 Rxb2 54. Bd6+ Kg8 55. Ke6 Rb6 56. Rd7 Rb1 57. Be5 Rb6+ 58. Ke7 g5
59. hxg5 Kh7 60. Kf7 h4 61. Bf6 h3 62. Rd3 1-0

[Event "IHEM 2002"]
[Site "Hamburg"]
[Date "2002.05.22"]
[Round "5.3"]
[White "Handke, Florian"]
[Black "Sax, Gyula"]
[Result "1-0"]
[WhiteElo "2440"]
[BlackElo "2566"]
[PlyCount "96"]
[EventDate "2002.??.??"]

1. e4 c5 2. Nf3 e6 3. d4 cxd4 4. Nxd4 Nf6 5. Nc3 d6 6. g4 h6 7. h3 Nc6 8. Be3
Bd7 9. Qd2 a6 10. O-O-O b5 11. Bd3 Nxd4 12. Bxd4 Bc6 13. f4 b4 14. Bxf6 gxf6
15. Ne2 Qb6 16. Ng3 Qc5 17. Rhf1 a5 18. e5 fxe5 19. fxe5 Qxe5 20. Qf2 Bg7 21.
c4 bxc3 22. Qxf7+ Kd8 23. Rfe1 Qg5+ 24. Kb1 Rb8 25. b3 Bd5 26. Qa7 Rb7 27.
Qxa5+ Kc8 28. Nf5 Kb8 29. Bc2 Be5 30. Rxe5 dxe5 31. Nd6 Qe3 32. Nxb7 Bxb7 33.
a4 Rc8 34. Qb4 Rc7 35. Rd8+ Rc8 36. Qd6+ Ka7 37. Rxc8 Bxc8 38. Qc7+ Bb7 39. b4
Qe1+ 40. Ka2 Qd2 41. Qc5+ Kb8 42. Qf8+ Ka7 43. Qc5+ Ka8 44. Qa5+ Kb8 45. Qxe5+
Ka8 46. Qh8+ Ka7 47. Qh7 Ka8 48. a5 Qc1 1-0

[Event "IHEM 2002"]
[Site "Hamburg"]
[Date "2002.05.22"]
[Round "5.4"]
[White "Müller, Karsten"]
[Black "Rausis, Igor"]
[Result "1/2-1/2"]
[WhiteElo "2530"]
[BlackElo "2478"]
[PlyCount "125"]
[EventDate "2002.??.??"]

1. e4 c6 2. c4 d5 3. exd5 cxd5 4. cxd5 Nf6 5. Nc3 Nxd5 6. Nf3 Nxc3 7. bxc3 g6
8. Bb5+ Nc6 9. O-O Bg7 10. Re1 O-O 11. Ba3 Bf6 12. Bxc6 bxc6 13. Qa4 Be6 14. d4
Qd5 15. Bc5 Rfb8 16. Qa3 Rb7 17. Nd2 Re8 18. Ne4 Bg7 19. Bb4 a5 20. Qxa5 Qxa5 {
(=)} 21. Bxa5 Ra8 22. Nc5 Rb2 23. Bc7 Raxa2 24. Nxe6 fxe6 25. Rxa2 Rxa2 26. g4
Kf7 27. Re3 Bf6 28. Rh3 Ra3 29. Bb6 h5 30. gxh5 gxh5 31. Rxh5 Rxc3 32. Kg2 Kg6
33. Ra5 Rc4 34. Rc5 Rxd4 35. Bc7 e5 36. Rxc6 Kf5 37. Rc3 Rg4+ 38. Rg3 Rc4 39.
Rf3+ Ke6 40. Bb6 Rg4+ 41. Rg3 Rc4 42. h3 Kf5 43. Be3 Rh4 44. Rg8 Rh7 45. Rg4
Rh8 46. Kg3 Rh7 47. f3 Rh8 48. Bf2 Bg5 49. Kg2 Bf4 50. Bg3 Rc8 51. h4 Rc3 52.
Rg8 Bxg3 53. Rg5+ Kf6 54. Rxg3 Rc2+ 55. Kh3 Kf5 56. Rg4 Rc1 57. Kg2 Re1 58.
Rg5+ Kf4 59. Rg4+ Kf5 60. h5 e4 61. Kf2 Rh1 62. Rxe4 e5 63. Kg2 1/2-1/2